000 00467nam a2200181Ia 4500
001 16722
005 20260306170331.0
008 260306t2017||||xx |||||||||||||| ||und||
041 _aESP
082 _a349.7
_bT74
100 _aTorres-Dulce, Miguel Ángel
_eAUT
245 0 _aCánones y leyes de la iglesia:
_bnociones de derecho canónico
260 _c2017
300 _a685 páginas :
_c24 cm.
650 _aGEN
654 _aCDE
942 _cLIB
_dJUS
_fJUS
_2ddc
_n
999 _c16722
_d16722